Регионална библиотека "Любен Каравелов" - Русе

Управление на проекти (Запис номер 112542)

MARC детайли
000 -Лидер
Контролно поле с фиксирана дължина 01783nam a2200421 c 4500
003 - Код на организацията, давaща контролен номер
Контролно поле BLK
005 - Дата и час на последна редакция
Контролно поле 20240823093807.0
008 - Елементи от данни с фиксирана дължина
fixed length control field 180409b bul|||||r ||||||| ||bul||
010 ## - Наследен системен номер
LC control number KNG00117913000
020 ## - Международен стандартен номер на книга ISBN
Международен стандартен номер на книга ISBN 954-535-194-2
040 ## - Източник на каталожния запис
Идентификатор на билиотеката - собственик на записа BLK
041 ## - Код за език
Код за езика на текст/звукозапис или на отделно заглавие Български
Код за езика КДБФ Български
080 ## - УДК
Текстов определител УДК Вземане на решения. План. Спецификация
УДК код - определител по УДК 005.53
УДК определител (075.8)
УДК - код + определител 005.53(075.8)
100 1# - Редна дума - Автор
Автор Пенчев, Руслан
Авторска отговорност първи автор
R(LIN) 312570
139 ## - Редно поле
Редна дума Пенчев, Руслан
Авторски знак Пенч - П 36
245 10 - Сведения за заглавието
Заглавие Управление на проекти
Редно поле (дума) Руслан Пенчев.
257 ## - Страна на издаване
Страна на създаване/издаване България
260 ## - Област на издателските данни
Име на издателя, разпространителя и проч. Нов бълг. унив.
Година на издаване 1998
300 ## - Физическа характеристика
Страници 203 с.
Илюстрации и др. с табл., сх., диагр.
Размери/Мащаб 21 см
380 ## - Жанр
Жанр Общ отдел
490 1# - СЕРИИ (Колекции)
Име на серия Икономика
500 ## - Общи забележки
Забележка Изб. на НБУ. Център за дистанционно обучение. Съдържа и Речник на основнити термини ; Конспект-въпросник по "Управление на проекти ; Примерен тест. - Офс. изд. - Библиогр. след отд. гл.
504 ## - Забележка за наличие на библиография и др
Забележка за наличие на библиография и под. след отд. гл.
650 #4 - Допълнително описание по предмет – тема
Основно описание – тема или топоним Проекти - управление и организация
9 (RLIN) 277666
650 #4 - Допълнително описание по предмет – тема
Основно описание – тема или топоним Управление и организация - учебници за ВУЗ
9 (RLIN) 267261
653 ## - Ключова дума – ненормативна
Ключова дума управление
653 ## - Ключова дума – ненормативна
Ключова дума организация
653 ## - Ключова дума – ненормативна
Ключова дума проекти
653 ## - Ключова дума – ненормативна
Ключова дума учебници за ВУЗ
653 ## - Ключова дума – ненормативна
Ключова дума управленски решения
852 ## - Местоположение
Форматна сигнатура Цб 227512
856 4# - Електронен адрес и достъп
Електронен формат pdf - файл
856 4# - Електронен адрес и достъп
Електронен формат pdf - файл
999 ## - СИСТЕМНИ КОНТРОЛНИ НОМЕРА
Koha biblionumber 112542
Koha biblioitemnumber 112542
942 ## - АРТИКУЛИ
Вид на библиотечния материал Книги
Скрит в OPAC Не
Koha issues (borrowed), all copies 4
Периодичен библиозапис Да
944 ## - СЪЗДАВАНЕ И РЕДАКЦИЯ на ЗАПИСА
Създаване/Редакция Създаване
Дата на регистрацията/редакция 12.05.2006
Служител, извършил регистрацията/редакцията 30542
Статус, дата на статуса Русанова Ирена
944 ## - СЪЗДАВАНЕ И РЕДАКЦИЯ на ЗАПИСА
Създаване/Редакция Редакция
Дата на регистрацията/редакция 31.10.2008
999 ## - СИСТЕМНИ КОНТРОЛНИ НОМЕРА
Koha biblioitemnumber 112542
Наличности
Код за отписване Код за изгубен артикул Код за повреда Коз за рестрикции Код за отдаване Артикулен № Име на библиотеката - собственик Име на библиотеката, в която се намира в момента Статус (Текущо местоположение) Дата на вписване в системата Местоположение - отдел Цена в лева Инвентарен номер Систематично азбучна сигнатура Баркод Номер на екземпляра Цена в евро Служебна бележка Служебен тип на артикула Източник на класификационната схема
  Не е изгубен Не е повреден без рестрикции ползва се в читалня 180455 Регионална библиотека "Любен Каравелов" Русе Регионална библиотека "Любен Каравелов" Русе Хранилище 2006-05-19 Хранилище 0.00 120000702191 Цб 227512 120000702191 1 0.00 Дост: Dp Вид: Д N: 18 Дата: 20.04.2005 Книги  
  Не е изгубен Не е повреден без рестрикции заемане за дома 180456 Регионална библиотека "Любен Каравелов" Русе Регионална библиотека "Любен Каравелов" Русе Заемна - подръчен фонд 2008-10-04 Заемна - подръчен фонд 14.00 120000730323 005.5/П 36 120000730323 2 7.16 Дост: Pk Вид: Ф N: 8545 Дата: 03.10.2008 Дата инв: 06.02.2018 Бележки инв: П2018 Книги Universal Decimal Classification
Vip Innovations Ltd, Rousse, Bulgaria 2025